| 000 | 01434nab a2200205 i 4500 | ||
|---|---|---|---|
| 001 | 768714001 | ||
| 003 | CO-MdFUSB | ||
| 005 | 20230421092613.0 | ||
| 008 | 221011s2015 -us||||| |||| 00| 0 eng d | ||
| 040 |
_beng _cCO-MdFUSB _dCO-MdFUSB |
||
| 041 | _aeng | ||
| 100 |
_aHays, J. Daniel, _eautor |
||
| 245 |
_aThe persecuted prophet and judgment on Jerusalem : _bthe use for LXX Jeremiah in the gospel of Luke _c/ J. Daniel Hays |
||
| 300 |
_aVolumen 25, Número 4 (2015), páginas 453 - 473 _c; 23 cm. |
||
| 520 | _aEste artículo argumenta que dentro del judaísmo del Segundo Templo, Jeremías era bien conocido como el "profeta perseguido" paradigmático y también estaba estrechamente asociado con la consiguiente caída y destrucción de Jerusalén. Por lo tanto, cuando el Evangelio de Lucas retrata a Jesús como el "profeta perseguido" en conflicto con los líderes en Jerusalén o relata las advertencias de Jesús sobre el juicio sobre Jerusalén, las alusiones y paralelos con Jeremías son numerosas, lo que implica que las tradiciones asociadas con LXX Jeremías forman una antecedentes críticos para la comprensión de esos textos. | ||
| 630 | 0 | 7 |
_aBiblia. _pJeremías _xCrítica, interpretación, etc. |
| 650 | 7 |
_96881 _aJudaísmo |
|
| 773 | 0 |
_068251 _981344 _oR2128 _tBulletin for Biblical research _w(CO-MdFUSB)768714001 _x1065-223X _gVolumen 25, Número 4 (2015), páginas 453 - 473 _qpáginas 453 - 473 |
|
| 942 | _cANA | ||
| 999 |
_c68277 _d68277 |
||